| 000 | 00858nam a2200229 a 4500 | ||
|---|---|---|---|
| 005 | 20210223130753.0 | ||
| 008 | 081103s1981 mx r 000 0 spa d | ||
| 035 | _aUPN01000164771 | ||
| 049 | _aUNE | ||
| 080 | _a373.3: 613.2 (95)=20 BID No.90. | ||
| 100 | 1 | _aBiddulph, Mary A. | |
| 245 | 1 | 0 |
_aHealth education in community schools : _bthe experience of Papua New Guinea / |
| 260 |
_aParís : _bUNESCO ; _aNew York : _bUNICEF, _c1981. |
||
| 300 |
_a42 p. : _bil., retrs. |
||
| 440 | 0 |
_aNotes, comments... ; _v90 |
|
| 690 | _aEnseñanza primaria - Desarrollo de los curriculos - Papua Nueva Guinea | ||
| 690 | _aEducacion sanitaria - Escuelas comunitarias - Papua Nueva Guinea | ||
| 690 | _aPapua Nueva Guinea - Enseñanza primaria - Educacion sanitaria | ||
| 710 | 2 |
_aUNICEF _924085 |
|
| 710 | 2 | _aPrograma de Alimentación Mundial | |
| 905 | _aUNESCO | ||
| 999 |
_c136883 _d136883 |
||